Memoria e identidad: conversaciones al filo de dos milenios
Saved in:
| Main Authors: | , |
|---|---|
| Format: | Book |
| Language: | Spanish |
| Published: |
Santiago
Planeta Chilena
2005
|
| Edition: | 1a. ed |
| Subjects: | |
| Tags: |
Add Tag
No Tags, Be the first to tag this record!
|
MARC
| LEADER | 00000cam a2200000 a 4500 | ||
|---|---|---|---|
| 001 | UCK3170 | ||
| 003 | CL-VaPUC | ||
| 008 | 050415e20050000CL |||||||||||||||||spa|d | ||
| 020 | |a 9562473708 | ||
| 082 | 0 | 4 | |a 262.5 |b JUA |2 21 |
| 100 | |a Juan Pablo II |e author |9 309920 | ||
| 700 | 0 | |a Wojtyla, Karol |e author |9 352234 | |
| 245 | 1 | 0 | |a Memoria e identidad: conversaciones al filo de dos milenios |
| 250 | |a 1a. ed | ||
| 300 | |a 214 p | ||
| 942 | |c BK | ||
| 945 | |d 20050415 00:00:00 |a cmena | ||
| 260 | |a Santiago |b Planeta Chilena |c 2005 | ||
| 600 | 0 | 7 | |a MICHALSKI, KRZYSZTOF |2 CL-VaPUC |9 491159 |
| 600 | 0 | 7 | |a DZIWISZ, STANISLAW |2 CL-VaPUC |9 491160 |
| 650 | 0 | |a Concilios |9 315984 | |
| 650 | 0 | |a Documentos pontificios |9 255642 | |
| 650 | 0 | |a Teología cristiana |9 308336 | |
| 650 | 7 | |a FILOSOFIA POLITICA |2 CL-VaPUC |9 491161 | |
| 650 | 0 | |a Iglesia Católica |9 256114 | |
| 650 | 0 | |a Pontífices |9 375468 | |
| 651 | 0 | |a Europa |9 255156 | |
| 651 | 7 | |a POLONIA |2 CL-VaPUC |9 321936 | |
| 651 | 0 | |a Vaticano |9 314201 | |
| 583 | |a last modification |c 20160526 03:31:42 |k Rodrigo Vera | ||
| 999 | |c 312437 |d 312435 | ||
| 952 | |0 0 |1 0 |4 0 |6 262_500000000000000_JUA_2005 |7 0 |8 A |9 382812 |a BIBHIS |b BIBHIS |d 2019-11-21 |i 4109783 |o 262.5 JUA 2005 |p 4109783 |r 2025-01-20 |w 2019-11-21 |y BK |k HIS | ||
| 952 | |0 0 |1 0 |4 0 |6 262_500000000000000_JUA_2005 |7 0 |8 A |9 382813 |a BIBTEO |b BIBTEO |d 2019-11-21 |i 4134087 |o 262.5 JUA 2005 |p 4134087 |r 2025-01-17 |w 2019-11-21 |y BK |k ICR | ||
| 952 | |0 0 |1 0 |4 0 |6 262_500000000000000_JUA_2005 |7 0 |8 A |9 382814 |a BIBEDU |b BIBEDU |d 2019-11-21 |i 427637K |o 262.5 JUA 2005 |p 427637K |r 2019-11-21 |w 2019-11-21 |y BK |k EBA | ||
| 952 | |0 0 |1 0 |4 0 |6 262_500000000000000_JUA_2005 |7 0 |8 X |9 382815 |a FDOBUD |b FDOBUD |d 2019-11-21 |i 1084496 |o 262.5 JUA 2005 |p 1084496 |r 2019-11-21 |w 2019-11-21 |y BK_X |k BUD | ||
| 952 | |0 0 |1 0 |3 erb |4 0 |6 262_500000000000000_JUA_2005 |7 0 |8 A |9 382816 |a BIBTEO |b BIBTEO |e Villagrán Garnham, Jorge |i 5311411 |o 262.5 JUA 2005 |p 5311411 |r 2025-01-17 |w 2019-11-21 |y BK |z Catalogado en:20160526 |k ICR | ||
| 952 | |0 0 |1 0 |3 erb |4 0 |6 262_500000000000000_JUA_2005 |7 0 |8 A |9 382817 |a BIBTEO |b BIBTEO |e Villagrán Garnham, Jorge |i 5316979 |o 262.5 JUA 2005 |p 5316979 |r 2025-01-17 |w 2019-11-21 |y BK |z Catalogado en:20160731 |k ICR | ||